[Event "Copenhagen Chess Challenge GM 2022"]
[Site "Ballerup"]
[Date "2022.05.27"]
[Round "5"]
[White "Blomqvist, Erik"]
[Black "Brondt, Nicolai Kvist"]
[Result "1-0"]
[WhiteElo "2523"]
[BlackElo "2241"]
[PlyCount "77"]
[EventDate "2022.05.25"]
[EventType "tourn"]
[EventRounds "9"]
[EventCountry "DEN"]

1. e4 c5 2. Nf3 e6 3. d4 cxd4 4. Nxd4 Nc6 5. Bf4 d6 6. Nxc6 bxc6 7. c4 Nf6 8.
Nc3 Be7 9. e5 dxe5 10. Qxd8+ Bxd8 11. Bxe5 O-O 12. Be2 Nd7 13. Bd6 Re8 14. Bf3
Bb7 15. O-O-O Bb6 16. Rd2 Rac8 17. Rhd1 Nf8 18. Na4 Bd8 19. Nc5 Ba8 20. Kc2 Ng6
21. g3 Ne7 22. g4 Ng6 23. Be4 Nf8 24. f4 g6 25. g5 Bb6 26. b4 Kg7 27. h4 Bc7
28. Bxc7 Rxc7 29. Rd8 Rc8 30. Rxe8 Rxe8 31. Rd6 e5 32. f5 gxf5 33. Bxf5 Ng6 34.
h5 Nf4 35. h6+ Kf8 36. Bxh7 Nh3 37. g6 fxg6 38. Bxg6 Rc8 39. Bf5 1-0

[Event "Copenhagen Chess Challenge GM 2022"]
[Site "Ballerup"]
[Date "2022.05.27"]
[Round "5"]
[White "Haubro, Martin"]
[Black "Heimisson, Hilmir Freyr"]
[Result "1-0"]
[WhiteElo "2428"]
[BlackElo "2323"]
[PlyCount "103"]
[EventDate "2022.05.25"]
[EventType "tourn"]
[EventRounds "9"]
[EventCountry "DEN"]

1. e4 e5 2. Nf3 Nf6 3. Nxe5 d6 4. Nf3 Nxe4 5. d4 d5 6. Bd3 Bd6 7. O-O O-O 8. c4
c6 9. Nc3 Nxc3 10. bxc3 dxc4 11. Bxc4 Bg4 12. h3 Bh5 13. g4 Bg6 14. Ne5 Nd7 15.
Nxg6 hxg6 16. Qf3 Rc8 17. a4 Qc7 18. Be3 Nb6 19. Bb3 Nd5 20. Bxd5 cxd5 21. Qxd5
Rfd8 22. Qg2 Bf4 23. Rfe1 g5 24. Rac1 Bxe3 25. fxe3 Qa5 26. Qb2 Rc4 27. Qxb7
Rxc3 28. Qe7 Rxc1 29. Rxc1 Rb8 30. Qc7 Qb4 31. Qxa7 Qb3 32. Qe7 f6 33. a5 Qb2
34. Rc8+ Rxc8 35. Qe6+ Kh7 36. Qf5+ Kh6 37. Qxc8 Kh7 38. Qf5+ Kg8 39. Qc5 Qe2
40. d5 Qe1+ 41. Kg2 Qe2+ 42. Kg3 Qe1+ 43. Kf3 Qf1+ 44. Ke4 Qb1+ 45. Kd4 Qd1+
46. Kc4 Qe2+ 47. Kb4 Qb2+ 48. Ka4 Qa2+ 49. Kb5 Qe2+ 50. Kb6 Qb2+ 51. Ka7 Qe5
52. Qc8+ 1-0

[Event "Copenhagen Chess Challenge GM 2022"]
[Site "Ballerup"]
[Date "2022.05.28"]
[Round "6"]
[White "Komarov, Dimitri"]
[Black "Blomqvist, Erik"]
[Result "1/2-1/2"]
[WhiteElo "2493"]
[BlackElo "2523"]
[PlyCount "63"]
[EventDate "2022.05.25"]
[EventType "tourn"]
[EventRounds "9"]
[EventCountry "DEN"]

1. d4 Nf6 2. c4 e6 3. Nc3 Bb4 4. Qc2 c5 5. dxc5 O-O 6. Nf3 Na6 7. g3 Nxc5 8.
Bg2 Nfe4 9. Bd2 Nxd2 10. Nxd2 Qa5 11. Rc1 d6 12. O-O Rb8 13. a3 Bxc3 14. Qxc3
Qxc3 15. Rxc3 Rd8 16. b4 Na4 17. Rd3 Kf8 18. Nb3 b6 19. Nd4 Bd7 20. Nc6 Bxc6
21. Bxc6 Nb2 22. Rc3 Rdc8 23. Bb5 d5 24. Rfc1 Nxc4 25. Bxc4 dxc4 26. Rxc4 Rxc4
27. Rxc4 Rb7 28. f4 f5 29. Kf2 Ke7 30. Ke3 Rd7 31. Rd4 Rc7 32. Kd3 1/2-1/2

[Event "Copenhagen Chess Challenge GM 2022"]
[Site "Ballerup"]
[Date "2022.05.28"]
[Round "6"]
[White "Nielsen, Viktor Haarmark"]
[Black "Hacker, Jonas"]
[Result "0-1"]
[WhiteElo "2323"]
[BlackElo "2396"]
[PlyCount "50"]
[EventDate "2022.05.25"]
[EventType "tourn"]
[EventRounds "9"]
[EventCountry "DEN"]

1. e4 c5 2. Nf3 e6 3. d4 cxd4 4. Nxd4 Nc6 5. Nc3 Qc7 6. Be3 a6 7. g4 b5 8. Nxc6
Qxc6 9. Qd2 b4 10. Ne2 Qxe4 11. Rg1 Qc6 12. Bg2 d5 13. O-O-O Bb7 14. Nf4 Nf6
15. Bd4 Rc8 16. g5 Ne4 17. Bxe4 dxe4 18. Nh5 Rg8 19. Bf6 Qd5 20. b3 Qxd2+ 21.
Rxd2 e3 22. fxe3 Bf3 23. Rgd1 Bxd1 24. Rxd1 Bc5 25. Nxg7+ Kf8 0-1

[Event "Copenhagen Chess Challenge GM 2022"]
[Site "Ballerup"]
[Date "2022.05.28"]
[Round "6"]
[White "Stefansson, Vignir Vatnar"]
[Black "Boe Olsen, Filip"]
[Result "1/2-1/2"]
[WhiteElo "2496"]
[BlackElo "2407"]
[PlyCount "81"]
[EventDate "2022.05.25"]
[EventType "tourn"]
[EventRounds "9"]
[EventCountry "DEN"]

1. c4 e6 2. Nf3 d5 3. g3 Nf6 4. Bg2 dxc4 5. Qa4+ c6 6. Qxc4 b5 7. Qb3 Bb7 8.
O-O Nbd7 9. d4 Be7 10. a4 a6 11. Rd1 Qc8 12. Ne5 Nxe5 13. dxe5 Nd7 14. Nc3 O-O
15. Bf4 Nc5 16. Qc2 Nxa4 17. Nxa4 bxa4 18. Be4 h6 19. Qxa4 Rd8 20. Rxd8+ Qxd8
21. Bxc6 Qb6 22. Bxb7 Qxb7 23. b3 Rb8 24. Qxa6 Qxb3 25. Qc6 Qb2 26. Ra8 Qb1+
27. Kg2 Rxa8 28. Qxa8+ Kh7 29. h4 Bc5 30. Qf3 Kg8 31. h5 Qb4 32. Qc6 Kh7 33.
Qf3 Kg8 34. Bc1 Qd4 35. Qf4 Qd5+ 36. e4 Qd1 37. g4 Bd4 38. Ba3 Qa1 39. Bd6 Qb2
40. Qg3 Qe2 41. Qf3 1/2-1/2

[Event "Copenhagen Chess Challenge GM 2022"]
[Site "Ballerup"]
[Date "2022.05.28"]
[Round "6"]
[White "Brondt, Nicolai Kvist"]
[Black "Haubro, Martin"]
[Result "1/2-1/2"]
[WhiteElo "2241"]
[BlackElo "2428"]
[PlyCount "67"]
[EventDate "2022.05.25"]
[EventType "tourn"]
[EventRounds "9"]
[EventCountry "DEN"]

1. d4 d5 2. c4 e6 3. Nc3 a6 4. cxd5 exd5 5. Nf3 Nf6 6. Bg5 Be6 7. e3 Nbd7 8. h3
c6 9. Bd3 Bd6 10. Bf4 Qc7 11. Bxd6 Qxd6 12. O-O O-O-O 13. Ng5 h6 14. Nxe6 fxe6
15. Qa4 Nb8 16. Rad1 g5 17. e4 dxe4 18. Nxe4 Nxe4 19. Bxe4 g4 20. hxg4 h5 21.
g5 Qf4 22. Qc2 Qxg5 23. Qc5 Rhg8 24. Rfe1 Qf6 25. Qe5 Rdf8 26. Rd2 Nd7 27. Qxf6
Rxf6 28. Bc2 Kc7 29. Rde2 Nf8 30. Re5 Rh8 31. R1e3 Rf4 32. R3e4 Rxe4 33. Rxe4
Kd6 34. Bb3 1/2-1/2

[Event "Copenhagen Chess Challenge GM 2022"]
[Site "Ballerup"]
[Date "2022.05.28"]
[Round "6"]
[White "Brunello, Sabino"]
[Black "Heimisson, Hilmir Freyr"]
[Result "1-0"]
[WhiteElo "2521"]
[BlackElo "2323"]
[PlyCount "153"]
[EventDate "2022.05.25"]
[EventType "tourn"]
[EventRounds "9"]
[EventCountry "DEN"]

1. d4 Nf6 2. c4 e6 3. Nc3 Bb4 4. e3 O-O 5. Bd3 c5 6. Nge2 d5 7. cxd5 cxd4 8.
exd4 Nxd5 9. O-O Nc6 10. a3 Bd6 11. Ne4 Be7 12. Bb1 Nf6 13. N4c3 b6 14. Qd3 Bb7
15. Bg5 g6 16. Ba2 Nd5 17. Bh6 Nxc3 18. Nxc3 Re8 19. d5 exd5 20. Qxd5 Qxd5 21.
Nxd5 Red8 22. Rfe1 Bf8 23. Bg5 Rd6 24. Rad1 Kh8 25. Nc3 Kg7 26. Ne4 Rxd1 27.
Bf6+ Kg8 28. Rxd1 Be7 29. Bxe7 Nxe7 30. Ng5 Rc8 31. h4 Bc6 32. Nxf7 Kg7 33. Ne5
Be8 34. Rd2 Nf5 35. g3 Rc1+ 36. Kg2 Bb5 37. Bd5 Kf6 38. Ng4+ Ke7 39. Kf3 Rc5
40. Kf4 a5 41. Ne3 Nxe3 42. fxe3 Bc6 43. e4 Rc1 44. Bxc6 Rxc6 45. Rd5 Rf6+ 46.
Ke3 Rc6 47. Kf4 Rf6+ 48. Ke3 Rc6 49. Rb5 Rd6 50. Kf4 Rf6+ 51. Ke3 Rd6 52. g4
Ke6 53. Kf4 Rc6 54. h5 Kf6 55. g5+ Ke6 56. h6 Ke7 57. Ke5 Re6+ 58. Kd4 Rd6+ 59.
Ke3 Ke6 60. Kf4 Rc6 61. Re5+ Kd7 62. Rd5+ Ke7 63. Ke5 Re6+ 64. Kd4 Rc6 65. a4
Rc2 66. Rb5 Rc6 67. Rb3 Rd6+ 68. Ke3 Re6 69. Rc3 Kd7 70. Rc2 Kd8 71. Kd4 Kd7
72. e5 Re8 73. Kd5 Rd8 74. e6+ Ke7+ 75. Ke5 Rd1 76. Rc7+ Kf8 77. Rxh7 1-0

[Event "Copenhagen Chess Challenge GM 2022"]
[Site "Ballerup"]
[Date "2022.05.28"]
[Round "7"]
[White "Blomqvist, Erik"]
[Black "Nielsen, Viktor Haarmark"]
[Result "1/2-1/2"]
[WhiteElo "2523"]
[BlackElo "2323"]
[PlyCount "114"]
[EventDate "2022.05.25"]
[EventType "tourn"]
[EventRounds "9"]
[EventCountry "DEN"]

1. Nf3 Nf6 2. g3 g6 3. b3 Bg7 4. Bb2 d5 5. c4 c6 6. Bg2 O-O 7. O-O Bg4 8. d3
Bxf3 9. Bxf3 Re8 10. d4 dxc4 11. bxc4 e5 12. e3 e4 13. Bg2 c5 14. Nd2 cxd4 15.
Bxd4 Nbd7 16. c5 Rc8 17. Rc1 Bf8 18. f3 Nxc5 19. fxe4 Nfd7 20. Qf3 Qe7 21. e5
b6 22. Bh3 Bg7 23. Ne4 Nxe4 24. Rxc8 Rxc8 25. Qxe4 Re8 26. Bxd7 Qxd7 27. Rf2
Qe7 28. Qd5 h5 29. a4 Qe6 30. Qb7 Re7 31. Qa8+ Kh7 32. Qb8 Qc6 33. Qd8 Qe6 34.
Qb8 Qd7 35. Ra2 Re8 36. Qd6 Qxd6 37. exd6 Bxd4 38. exd4 Rd8 39. Rc2 Rxd6 40.
Rc7 Kg7 41. Rxa7 Rxd4 42. a5 bxa5 43. Rxa5 Rd2 44. h4 Kf6 45. Rb5 Ke6 46. Ra5
Rd5 47. Ra2 Kf5 48. Kg2 g5 49. hxg5 Kxg5 50. Ra4 Re5 51. Kf3 Rf5+ 52. Kg2 Rb5
53. Kf3 Rb3+ 54. Kg2 Rb2+ 55. Kf3 Rb3+ 56. Kg2 Rb2+ 57. Kf3 Rb3+ 1/2-1/2

[Event "Copenhagen Chess Challenge GM 2022"]
[Site "Ballerup"]
[Date "2022.05.28"]
[Round "7"]
[White "Hacker, Jonas"]
[Black "Stefansson, Vignir Vatnar"]
[Result "1/2-1/2"]
[WhiteElo "2396"]
[BlackElo "2496"]
[PlyCount "61"]
[EventDate "2022.05.25"]
[EventType "tourn"]
[EventRounds "9"]
[EventCountry "DEN"]

1. e4 e5 2. Nf3 Nf6 3. d4 Nxe4 4. Bd3 d5 5. Nxe5 Nd7 6. Nxd7 Bxd7 7. O-O Bd6 8.
Nc3 Nxc3 9. bxc3 O-O 10. Qh5 f5 11. Re1 Qf6 12. Qf3 c6 13. Bf4 Rae8 14. Qg3
Bxf4 15. Qxf4 Qf7 16. Kf1 h6 17. Rxe8 Rxe8 18. Re1 Rxe1+ 19. Kxe1 Bc8 20. Qe5
Qe6 21. Qxe6+ Bxe6 22. f4 Kf7 23. Kd2 Ke7 24. Kc1 a5 25. g3 b5 26. Kb2 g5 27.
h4 gxf4 28. gxf4 Kd6 29. a3 Bd7 30. Kb3 c5 31. Kb2 1/2-1/2

[Event "Copenhagen Chess Challenge GM 2022"]
[Site "Ballerup"]
[Date "2022.05.28"]
[Round "7"]
[White "Boe Olsen, Filip"]
[Black "Brunello, Sabino"]
[Result "1/2-1/2"]
[WhiteElo "2407"]
[BlackElo "2521"]
[PlyCount "60"]
[EventDate "2022.05.25"]
[EventType "tourn"]
[EventRounds "9"]
[EventCountry "DEN"]

1. d4 Nf6 2. c4 e6 3. Nc3 d5 4. cxd5 exd5 5. Bg5 c6 6. e3 Nbd7 7. Bd3 Be7 8.
Qc2 Nh5 9. Bxe7 Qxe7 10. O-O-O Nb6 11. h3 Be6 12. Kb1 Nf6 13. Nf3 O-O-O 14. Na4
Nxa4 15. Qxa4 Kb8 16. Rc1 Ne4 17. Bxe4 dxe4 18. Nd2 f5 19. g3 g5 20. h4 f4 21.
Nb3 fxe3 22. fxe3 gxh4 23. gxh4 Rhg8 24. Nc5 Bd5 25. Rc3 Qc7 26. Ra3 Qb6 27.
Qc2 Rg7 28. Qh2+ Qc7 29. Qxc7+ Rxc7 30. Rg1 Rf7 1/2-1/2

[Event "Copenhagen Chess Challenge GM 2022"]
[Site "Ballerup"]
[Date "2022.05.28"]
[Round "7"]
[White "Heimisson, Hilmir Freyr"]
[Black "Brondt, Nicolai Kvist"]
[Result "0-1"]
[WhiteElo "2323"]
[BlackElo "2241"]
[PlyCount "68"]
[EventDate "2022.05.25"]
[EventType "tourn"]
[EventRounds "9"]
[EventCountry "DEN"]

1. c4 Nf6 2. g3 c5 3. Bg2 e6 4. Nf3 d5 5. O-O Be7 6. cxd5 Nxd5 7. Nc3 O-O 8.
Nxd5 exd5 9. d4 Nc6 10. dxc5 Bxc5 11. Qc2 Be7 12. Rd1 Bf6 13. Be3 Be6 14. Nd4
Qd7 15. Qd2 Bg4 16. Nxc6 bxc6 17. Rac1 Rfe8 18. Qc2 Rac8 19. Rd2 d4 20. Qc5
Bxe2 21. Bxd4 Bxd4 22. Rxd4 Qe6 23. b3 Qf6 24. Rd6 Qb2 25. Rxc6 Rxc6 26. Bxc6
Rc8 27. Qc2 Qa3 28. Qd2 Bb5 29. b4 g6 30. Rc3 Qxb4 31. Qc2 Rxc6 32. Rxc6 Qe1+
33. Kg2 Qf1+ 34. Kf3 Qh1+ 0-1

[Event "Copenhagen Chess Challenge GM 2022"]
[Site "Ballerup"]
[Date "2022.05.29"]
[Round "8"]
[White "Komarov, Dimitri"]
[Black "Heimisson, Hilmir Freyr"]
[Result "1/2-1/2"]
[WhiteElo "2493"]
[BlackElo "2323"]
[PlyCount "60"]
[EventDate "2022.05.25"]
[EventType "tourn"]
[EventRounds "9"]
[EventCountry "DEN"]

1. d4 Nf6 2. c4 e6 3. Nf3 d5 4. g3 Be7 5. Bg2 O-O 6. O-O dxc4 7. Qc2 a6 8. a4
Bd7 9. Qxc4 Bc6 10. Bf4 Bd6 11. Qc1 a5 12. Nc3 Na6 13. Bg5 Be7 14. Bxf6 Bxf6
15. e4 Nb4 16. Rd1 Qb8 17. Qf4 Rd8 18. Rd2 Be8 19. e5 Be7 20. Ng5 h6 21. Nh3
Ra6 22. Qe3 Bc6 23. Nf4 Bg5 24. h4 Bxf4 25. Qxf4 Bxg2 26. Kxg2 Rd7 27. Ne4 Rc6
28. Rad1 Qd8 29. Qg4 Kh8 30. Qe2 Kg8 1/2-1/2

[Event "Copenhagen Chess Challenge GM 2022"]
[Site "Ballerup"]
[Date "2022.05.29"]
[Round "8"]
[White "Nielsen, Viktor Haarmark"]
[Black "Haubro, Martin"]
[Result "1/2-1/2"]
[WhiteElo "2323"]
[BlackElo "2428"]
[PlyCount "145"]
[EventDate "2022.05.25"]
[EventType "tourn"]
[EventRounds "9"]
[EventCountry "DEN"]

1. e4 e5 2. Nf3 Nc6 3. Bb5 a6 4. Ba4 Nf6 5. O-O Be7 6. d3 b5 7. Bb3 d6 8. c3
O-O 9. a4 Bd7 10. Bc2 Re8 11. Re1 Bf8 12. Bg5 h6 13. axb5 axb5 14. Rxa8 Qxa8
15. Bxf6 gxf6 16. d4 Bg7 17. dxe5 fxe5 18. Na3 b4 19. Nc4 bxc3 20. bxc3 Be6 21.
Ne3 Qa5 22. Ba4 Bd7 23. Nd5 Kh8 24. Nb4 Qc5 25. Qd5 Qxd5 26. Nxd5 Ra8 27. Bb5
Ra7 28. Nd2 Rb7 29. Ba4 Ra7 30. Bb5 Rb7 31. Rb1 h5 32. g3 Bh6 33. f4 exf4 34.
gxf4 Nb8 35. Bxd7 Rxb1+ 36. Nxb1 Nxd7 37. Nxc7 Bxf4 38. Nd5 Be5 39. Nd2 Kg7 40.
Kg2 Nf6 41. c4 Nd7 42. Nf3 Bf6 43. Ne3 Be7 44. Nd4 Bf8 45. Kf3 Kf6 46. Nd5+ Kg5
47. Kg3 h4+ 48. Kg2 Ne5 49. Nf3+ Nxf3 50. Kxf3 Bg7 51. h3 Be5 52. Ne3 f6 53.
Nf5 Kh5 54. Ng7+ Kg5 55. Ne6+ Kh5 56. Nd8 Kg5 57. Nc6 Kh5 58. Nb4 Kg5 59. Nd3
Kh5 60. Kf2 Kg5 61. Ke3 Kh5 62. Ne1 Kg5 63. Nf3+ Kh5 64. Kd3 Ba1 65. Kd2 Bb2
66. Kc2 Be5 67. Kb3 Bg3 68. Kc3 Bf2 69. Kd3 Bc5 70. Ke2 Bb6 71. Kd3 Bf2 72. Kc3
Kg6 73. Kd3 1/2-1/2

[Event "Copenhagen Chess Challenge GM 2022"]
[Site "Ballerup"]
[Date "2022.05.29"]
[Round "8"]
[White "Stefansson, Vignir Vatnar"]
[Black "Blomqvist, Erik"]
[Result "0-1"]
[WhiteElo "2496"]
[BlackElo "2523"]
[PlyCount "54"]
[EventDate "2022.05.25"]
[EventType "tourn"]
[EventRounds "9"]
[EventCountry "DEN"]

1. c4 e5 2. Nc3 Nf6 3. Nf3 Nc6 4. e3 Bb4 5. Qc2 Bxc3 6. Qxc3 Qe7 7. d4 Ne4 8.
Qd3 exd4 9. Nxd4 Nc5 10. Qc3 Nxd4 11. Qxd4 O-O 12. Be2 a5 13. O-O b6 14. Bf3
Bb7 15. Bxb7 Nxb7 16. b3 Nc5 17. Bb2 f5 18. Rad1 Rae8 19. Ba3 d6 20. g3 h5 21.
Qd5+ Kh7 22. Bxc5 bxc5 23. h4 Qe4 24. Rfe1 Re5 25. Qd2 a4 26. Qe2 f4 27. Qd3
fxg3 0-1

[Event "Copenhagen Chess Challenge GM 2022"]
[Site "Ballerup"]
[Date "2022.05.29"]
[Round "8"]
[White "Boe Olsen, Filip"]
[Black "Hacker, Jonas"]
[Result "1/2-1/2"]
[WhiteElo "2407"]
[BlackElo "2396"]
[PlyCount "80"]
[EventDate "2022.05.25"]
[EventType "tourn"]
[EventRounds "9"]
[EventCountry "DEN"]

1. d4 Nf6 2. c4 e6 3. Nf3 d5 4. g3 dxc4 5. Bg2 a6 6. O-O Nc6 7. Nbd2 Nxd4 8.
Nxc4 Nxf3+ 9. Bxf3 Qxd1 10. Rxd1 Be7 11. Na5 Bb4 12. Nxb7 Nd5 13. a3 Bxb7 14.
axb4 O-O-O 15. Bxd5 Rxd5 16. Rxd5 exd5 17. Bf4 Kd7 18. Rc1 Bc6 19. Rc5 Re8 20.
Kf1 Re4 21. Bd2 Bb5 22. Rxd5+ Ke6 23. Rc5 Rxe2 24. Bc3 Re5+ 25. Kg2 Rxc5 26.
bxc5 f6 27. Kf3 Kd5 28. b4 Kc4 29. Bd2 Kd3 30. Bf4 Bc6+ 31. Kg4 Bd7+ 32. Kf3 c6
33. Bc7 h5 34. Kg2 Be6 35. f4 Ke2 36. h4 Bd5+ 37. Kh2 Kf3 38. Bd8 Kg4 39. Bc7
Kf3 40. Bd8 Kg4 1/2-1/2

[Event "Copenhagen Chess Challenge GM 2022"]
[Site "Ballerup"]
[Date "2022.05.29"]
[Round "8"]
[White "Brunello, Sabino"]
[Black "Brondt, Nicolai Kvist"]
[Result "1/2-1/2"]
[WhiteElo "2521"]
[BlackElo "2241"]
[PlyCount "122"]
[EventDate "2022.05.25"]
[EventType "tourn"]
[EventRounds "9"]
[EventCountry "DEN"]

1. d4 Nf6 2. c4 c6 3. Nf3 d5 4. e3 a6 5. Nbd2 Bf5 6. Nh4 Be4 7. Nxe4 Nxe4 8. f3
e6 9. g3 Nf6 10. Qb3 b5 11. cxd5 Qxd5 12. Qxd5 Nxd5 13. Bd2 c5 14. dxc5 Bxc5
15. Rc1 Nd7 16. Kf2 Ke7 17. Be2 Rhc8 18. Ng2 N7b6 19. Rhd1 Bb4 20. Bxb4+ Nxb4
21. a3 Nc6 22. Ne1 Na5 23. b4 Nac4 24. Nc2 Nb2 25. Rh1 Rc3 26. Nd4 Rac8 27.
Rxc3 Rxc3 28. Ra1 N6c4 29. Bxc4 Nxc4 30. a4 Rxe3 31. axb5 axb5 32. Nxb5 Rb3 33.
Nd4 Rb2+ 34. Ne2 Rxb4 35. Ra7+ Kf6 36. Rc7 Nd6 37. Rd7 Nf5 38. g4 Nh4 39. f4 h6
40. Rd3 g5 41. Kg3 Ng6 42. fxg5+ hxg5 43. h3 Nf4 44. Rf3 Ke5 45. Re3+ Kd5 46.
Ng1 Rb2 47. Re1 Rg2+ 48. Kf3 Rd2 49. Re3 e5 50. Ra3 e4+ 51. Ke3 Rd3+ 52. Rxd3+
exd3 53. Nf3 f6 54. h4 Ng2+ 55. Kxd3 gxh4 56. g5 f5 57. Ke2 Ke4 58. Kf2 Nf4 59.
Nxh4 Nh3+ 60. Kg3 Nxg5 61. Nxf5 Kxf5 1/2-1/2

[Event "Copenhagen Chess Challenge GM 2022"]
[Site "Ballerup"]
[Date "2022.05.29"]
[Round "9"]
[White "Brondt, Nicolai Kvist"]
[Black "Komarov, Dimitri"]
[Result "1/2-1/2"]
[WhiteElo "2241"]
[BlackElo "2493"]
[PlyCount "61"]
[EventDate "2022.05.25"]
[EventType "tourn"]
[EventRounds "9"]
[EventCountry "DEN"]

1. d4 Nf6 2. c4 e6 3. Nf3 b6 4. g3 Ba6 5. b3 Bb4+ 6. Bd2 Be7 7. Nc3 Bb7 8. Bg2
O-O 9. O-O Na6 10. Qc2 d5 11. cxd5 Nb4 12. Qb2 Nbxd5 13. Rfd1 Nxc3 14. Bxc3 a5
15. Ne5 Bxg2 16. Kxg2 Qd5+ 17. f3 a4 18. Qc2 axb3 19. axb3 Qb7 20. e4 Rxa1 21.
Bxa1 c5 22. dxc5 bxc5 23. Nc4 h6 24. Bxf6 Bxf6 25. e5 Be7 26. Rd3 Rd8 27. Rxd8+
Bxd8 28. Qd3 Bc7 29. Kf2 Qa6 30. Qb1 Kf8 31. Ke3 1/2-1/2

[Event "Copenhagen Chess Challenge GM 2022"]
[Site "Ballerup"]
[Date "2022.05.29"]
[Round "9"]
[White "Heimisson, Hilmir Freyr"]
[Black "Nielsen, Viktor Haarmark"]
[Result "1-0"]
[WhiteElo "2323"]
[BlackElo "2323"]
[PlyCount "71"]
[EventDate "2022.05.25"]
[EventType "tourn"]
[EventRounds "9"]
[EventCountry "DEN"]

1. c4 Nf6 2. Nc3 d5 3. cxd5 Nxd5 4. g3 c5 5. Bg2 Nc7 6. Nf3 Nc6 7. O-O e5 8. a3
Be7 9. b4 cxb4 10. axb4 b5 11. Bb2 Rb8 12. Ne4 f6 13. Qc1 Bb7 14. d4 Nxb4 15.
Nc5 Bxc5 16. Qxc5 Nba6 17. Qxa7 e4 18. Nd2 Bd5 19. Bxe4 Rb7 20. Qxb7 Bxb7 21.
Bxb7 Qd6 22. Rfc1 Nb8 23. Ne4 Qe7 24. Ra7 b4 25. d5 Nb5 26. d6 Qd7 27. Bc6 Nxc6
28. Rxd7 Kxd7 29. Rd1 Nd8 30. Rd5 Kc6 31. Rc5+ Kb6 32. Rc4 Nc6 33. Bc1 b3 34.
Be3+ Ka5 35. Rxc6 b2 36. Nd2 1-0

[Event "Copenhagen Chess Challenge GM 2022"]
[Site "Ballerup"]
[Date "2022.05.29"]
[Round "9"]
[White "Haubro, Martin"]
[Black "Stefansson, Vignir Vatnar"]
[Result "0-1"]
[WhiteElo "2428"]
[BlackElo "2496"]
[PlyCount "38"]
[EventDate "2022.05.25"]
[EventType "tourn"]
[EventRounds "9"]
[EventCountry "DEN"]

1. e4 e5 2. Nf3 Nf6 3. Nxe5 Nxe4 4. Qe2 Qe7 5. Qxe4 d6 6. d4 dxe5 7. dxe5 Nc6
8. Bf4 g5 9. Bg3 f5 10. Qe2 f4 11. Qh5+ Qf7 12. Qxg5 fxg3 13. Qxg3 Bc5 14. Nd2
Rg8 15. Qf3 Qxf3 16. Nxf3 Bf5 17. c3 O-O-O 18. g3 Be4 19. Bg2 Rgf8 0-1

[Event "Copenhagen Chess Challenge GM 2022"]
[Site "Ballerup"]
[Date "2022.05.29"]
[Round "9"]
[White "Blomqvist, Erik"]
[Black "Boe Olsen, Filip"]
[Result "0-1"]
[WhiteElo "2523"]
[BlackElo "2407"]
[PlyCount "108"]
[EventDate "2022.05.25"]
[EventType "tourn"]
[EventRounds "9"]
[EventCountry "DEN"]

1. Nf3 Nf6 2. g3 b5 3. Bg2 Bb7 4. O-O e6 5. d3 c5 6. e4 d6 7. d4 cxd4 8. Nxd4
a6 9. Re1 Qc7 10. Nc3 Be7 11. a4 bxa4 12. Nd5 exd5 13. exd5 Bc8 14. Qe2 Ra7 15.
Rxa4 O-O 16. Rc4 Qd8 17. Rb4 Bg4 18. Qe3 Rc7 19. Bd2 Re8 20. Qa3 Bf8 21. Rxe8
Qxe8 22. h3 Bh5 23. c4 Nbd7 24. Qxa6 Ne4 25. Be3 Ndc5 26. Qb5 Qa8 27. Qb8 Rc8
28. Qxa8 Rxa8 29. Rb5 Bg6 30. Nc6 Nd3 31. Bf1 Ra1 32. Rb8 f5 33. Nd8 Be7 34.
Nc6+ Bf8 35. Nd8 Be7 36. Nc6+ Bf8 37. Ne7+ Kf7 38. Nxg6 hxg6 39. b4 Rb1 40. b5
g5 41. Kg2 Ne1+ 42. Kh2 Nf3+ 43. Kg2 Ne1+ 44. Kh2 Rb2 45. Kg1 f4 46. gxf4 gxf4
47. Rb7+ Be7 48. Bb6 Nf3+ 49. Kg2 Nh4+ 50. Kg1 Rb1 51. Bd8 Nd2 52. Rxe7+ Kf8
53. f3 Rxf1+ 54. Kh2 Ndxf3# 0-1

[Event "Copenhagen Chess Challenge GM 2022"]
[Site "Ballerup"]
[Date "2022.05.29"]
[Round "9"]
[White "Hacker, Jonas"]
[Black "Brunello, Sabino"]
[Result "1-0"]
[WhiteElo "2396"]
[BlackElo "2521"]
[PlyCount "79"]
[EventDate "2022.05.25"]
[EventType "tourn"]
[EventRounds "9"]
[EventCountry "DEN"]

1. e4 e5 2. Nf3 Nc6 3. Bc4 Bc5 4. c3 Nf6 5. d4 exd4 6. e5 d5 7. Bb5 Ne4 8. cxd4
Bb6 9. Nc3 O-O 10. Be3 Nxc3 11. bxc3 f6 12. Bxc6 bxc6 13. Qa4 Qe8 14. exf6 Rxf6
15. Ne5 Qh5 16. O-O c5 17. dxc5 Qxe5 18. cxb6 cxb6 19. Bd4 Qf4 20. Rae1 Rg6 21.
Re8+ Kf7 22. Rf8+ Kxf8 23. Bxg7+ Kg8 24. Qxf4 Bh3 25. g3 Bxf1 26. Bd4 Bc4 27.
h4 Rf8 28. Qe5 Kf7 29. Qc7+ Ke6 30. Qxh7 Bd3 31. Qc7 Be4 32. Qc6+ Ke7 33. Qc7+
Ke6 34. a4 Rf7 35. Qc8+ Ke7 36. Be3 Bf5 37. Qb8 Rd6 38. Qxa7+ Ke6 39. Qb8 Be4
40. Bf4 1-0